| 000 | 00918 a2200229 4500 | ||
|---|---|---|---|
| 005 | 20080911162954.0 | ||
| 008 | 080911t xxu||||| |||| 00| 0 eng d | ||
| 010 | _aENG-87722 | ||
| 020 |
_c550.00 _a0761935667 |
||
| 035 | _aEN-71255 | ||
| 037 | _bD.B.Act / Pub | ||
| 082 | _a320.91767 | ||
| 245 |
_aDemocracy in muslim societies _cedited by Zoya Hasan _bthe Asian experience |
||
| 260 |
_aNew Delhi _bSage Publications _c2007 |
||
| 270 |
_aB1/11, Mohan Cooperative Industrial Area, Mathura Road _bNew Delhi _e110044 |
||
| 300 |
_a266 p. _c22 cm. (Hb). |
||
| 490 | _aORF studies in contemporary Muslim Societies; V.4 | ||
| 500 | _aIncludes index | ||
| 700 | _aZoya Hasan | ||
| 942 |
_adpl _cEN _k320.91767 / DEM _2ddc _h320.91767 _mDEM |
||
| 999 |
_c6865 _d6865 |
||